Autarchy: (Record no. 34699)
[ view plain ]
| 000 -LEADER | |
|---|---|
| fixed length control field | 00868nam a2200265 a 4500 |
| 001 - CONTROL NUMBER | |
| control field | 34699 |
| 003 - CONTROL NUMBER IDENTIFIER | |
| rucl marc code | BD-RjUL |
| 005 - DATE AND TIME OF LATEST TRANSACTION | |
| control field | 20211209052210.0 |
| 008 - FIXED-LENGTH DATA ELEMENTS--GENERAL INFORMATION | |
| fixed length control field | 190207r19401933us 000 0 eng |
| 035 ## - SYSTEM CONTROL NUMBER | |
| System control number | (BD-RjUL)34793 |
| 040 ## - CATALOGING SOURCE | |
| Original cataloging agency | DLC |
| Transcribing agency | OTU |
| Modifying agency | DLC |
| -- | BD-RjUL |
| Language of cataloging | eng |
| 041 ## - LANGUAGE CODE | |
| Language code of text/sound track or separate title | eng |
| 042 ## - AUTHENTICATION CODE | |
| Authentication code | premarc |
| 082 ## - DEWEY DECIMAL CLASSIFICATION NUMBER | |
| Edition number | 23 |
| Classification number | 338.973 |
| Author mark and year | TIA 1940 |
| 100 1# - MAIN ENTRY--PERSONAL NAME | |
| Personal name | Tippetts, Charles Sanford, |
| Dates associated with a name | 1893- |
| 9 (RLIN) | 227843 |
| 245 10 - TITLE STATEMENT | |
| Title | Autarchy: |
| Remainder of title | national self-sufficiency / |
| Statement of responsibility, etc. | Charles S. Tippetts |
| 260 ## - PUBLICATION, DISTRIBUTION, ETC. (IMPRINT) | |
| Place of publication, distribution, etc. | Chicago, Ill., |
| Name of publisher, distributor, etc. | The University of Chicago press |
| Date of publication, distribution, etc. | c1933 [Impression 1940] |
| 300 ## - PHYSICAL DESCRIPTION | |
| Pagination | iii, 26, [1] p. |
| Size | 20 cm. |
| 490 0# - SERIES STATEMENT | |
| Series statement | Public policy pamphlet ; |
| Volume/sequential designation | no. 5 |
| 651 #0 - SUBJECT ADDED ENTRY--GEOGRAPHIC NAME | |
| Geographic name | United States |
| General subdivision | Economic policy. |
| 9 (RLIN) | 227844 |
| Geographic name | United States |
| General subdivision | Commercial policy. |
| 9 (RLIN) | 227845 |
| 830 ## - SERIES ADDED ENTRY--UNIFORM TITLE | |
| Uniform title | Public policy pamphlet ; |
| Volume number/sequential designation | no. 5 |
| 942 ## - ADDED ENTRY ELEMENTS (KOHA) | |
| Source of classification or shelving scheme | Dewey Decimal Classification |
| Koha item type | Rare Books |
| Lost status | Source of classification or shelving scheme | Damaged status | Not for loan | Collection code | Permanent Location | Current Location | Shelving location | Date acquired | Total Checkouts | Full call number | Date last seen | Copy number | Koha item type |
|---|---|---|---|---|---|---|---|---|---|---|---|---|---|
| Dewey Decimal Classification | Not For Loan | Rare Books | Central Library, University of Rajshahi | Central Library, University of Rajshahi | Rare Book Section | 07/02/2019 | RA 338.973 TIA 1940 | 07/02/2019 | C-1 | Rare Books |